000 01520nam a22004097a 4500
003 CHAP
005 20251114134027.0
008 971010s1987 r 00010 d
010 _a65350
011 _a66322
035 _a74428
040 _cCHAP
090 _aTesis
100 1 0 _aBorbolla Furuno, Luis
_913826
245 _aEstudio de factibilidad técnica y económica para el establecimiento de una planta empacadora de nopal verdura (Opuntia ficus-indica (L) Miller) en Milpa Alta, D.F.
260 _aChapingo, Méx. :
_bEl autor,
_c1987
300 _a147 h.
_b: gráfs.
502 _aTesis (Ing. Agr. Esp. en Industrias Agrícolas) -- UACH. Departamento de Industrias Agrícolas
590 _aALEPH
_b10
_c20130110
_lUCH01
_h1356
590 _aBATCH-UPD
_b10
_c20130110
_lUCH01
_h0019
590 _aBATCH-UPD
_b10
_c20130110
_lUCH01
_h0411
590 _aBATCH-UPD
_b10
_c20130110
_lUCH01
_h2111
590 _aBATCH-UPD
_b10
_c20130409
_lUCH01
_h1958
590 _aBATCH-UPD
_b10
_c20130914
_lUCH01
_h0459
590 _aCONVERSION
_b10
_c20130109
_lUCH01
_h1336
650 1 4 _aEmpacadoras.
_936537
650 1 4 _aNopal
_xEmpaque.
_981666
650 1 4 _aNopal
_xIndustria.
_981676
650 1 4 _aProyectos industriales.
_992531
700 1 _aAyala Contreras, José Carmen
_98924
901 _aBK
942 _cFOLL
949 _bBC
_cTES
_d-60968
_eTS1
_h19720
_i74428
_si
949 _bBC
_cTES
_d-60969
_eTS2
_fc.2
_h19721
_i74428
_si
949 _bIA
_cTES
_d-63424
_eTS2
_fc.2
_i74428
_si
949 _bIA
_cTES
_d-7298
_eTS1
_i74428
_si
999 _c65350
_d65350